000 00751nam a2200229Ia 4500
003 IN-BaIIA
008 211028s9999 xx s 000 0 eng d
020 _a978-1-4614-3307-1 (Print)
020 _a978-1-4614-3308-8 (Online)
022 _a2190-5053 (Print)
022 _a2190-5061 (Online)
040 _cIIA Library
100 _aGalvan-Madrid, Roberto J.
_939237
245 0 _aOn the Formation of the Most Massive Stars in the Galaxy
_h[eBook]
260 _aNew York
_bSpringer New York
_c2012
300 _aOnline resource
490 _aSpringer Theses
650 _a Astronomy, Astrophysics and Cosmology
_936176
650 _aPhysics
_973
856 _uhttp://doi.org/10.1007/978-1-4614-3308-8
_yClick Here to Access eBook
942 _cEB
999 _c21176
_d21176